000 00445nam a2200169 4500
005 20260506104447.0
008 260506b |||||||| |||| 00| 0 eng d
020 _a9781000589108
082 _a370.15
_bDAV-E
100 _aDavis Brent,Francis Krista
245 _aEngaging Minds
_bEvolving Learning and Teaching
250 _a4th Ed
260 _aNew York
_bRoutledge Publishers
300 _a261p
650 _aEducation
942 _cBK
999 _c47530
_d47530